000 01970nam a2200325 i 4500
003 DO-SdBNP
005 20250616110620.0
007 ta
008 100322s2019 dr c 000 0 spa d
020 _a9789945804201
040 _aDO-SdBNP
_bspa
_cBNPHU
_erda
041 _aspa
082 4 _axxx
_bM516a 2019
_222
100 1 _aRosario, Reina
_eautor
_4aut.
_937920
_qRosario Fernández, Reina Cristina
245 1 0 _aAportes de Abigaíl Mejía a la historiografía dominicana :
_buna feminista volando alto con las alas de Clío /
_cReina Rosario
250 _aSegunda edición
264 4 _aSanto Domingo, República Dominicana :
_bCocolo Editorial,
_c©2019.
300 _a129 páginas :
_bilustraciones retratos ;
_c23 cm.
336 _atexto
_btxt
_2rdacontent
337 _asin mediación
_bn
_2rdamedia
338 _avolumen
_bnc
_2rdacarrier
500 _aIncluye datos biográficos de la autora.
500 _aIncluye notas a pie de paginas.
500 _aDiscurso de Ingreso como miembro correspondiente nacional de la Academia Dominicana de la Historia.
504 _aBibliografía : paginas 98-100
505 _aGratitud, 11. -- Presentación, 13 -- Para empezar, 19.-- Exordio, 23.-- Aportes de Abigaíl Mejía a la historiografía dominicana, 30.-- Abigaíl Mejía: patriota, escritora y educadora, 30.-- Abigaíl Mejía: patriota, 37.-- Abigaíl Mejía: escritora, 40.-- Abigaíl Mejía: educadora, 41.-- Impronta de Abigaíl Mejía como pionera del feminismo dominicano, 44.-- Abigaíl volando alto con las alas de Clío, 85.-- La biografía del Padre Meriño escrita por Abigaíl Mejía, 61.-- Abigaíl Mejía, miembro de número del Instituto de Investigaciones Históricas, Silla S, 85.-- El Instituto de Investigaciones Históricas, 90.-- A modo de conclusión, 96.-- Bibliografía, 98.-- Datos biográficos de Reina Cristina Rosario Fernández, 101. -- Anexos.
590 _aInventariado, 2021/ YL
910 _aYLockward
942 _2ddc
_cLBS1
999 _c49649
_d49649